[Event "North American-ch U12 Girls"]
[Site "Montreal"]
[Date "2010.08.18"]
[Round "6"]
[White "Herrera Ibarrola, Maria Fernanda"]
[Black "Peng, Jackie"]
[Result "0-1"]
[WhiteElo "1047"]
[BlackElo "1563"]
[PlyCount "86"]
[EventDate "2010.08.16"]
[EventType "swiss"]
[EventRounds "7"]
[EventCountry "CAN"]
[SourceTitle "EXT 2013"]
[Source "ChessBase"]
[SourceDate "2012.11.22"]
[SourceVersion "1"]
[SourceVersionDate "2012.11.22"]
[SourceQuality "1"]

1. Nf3 d6 2. g3 Nf6 3. Bg2 e5 4. 0-0 Nbd7 5. d3 Be7 6. c4 0-0 7. Nc3 c6 8. d4 Re8 9. Bg5 h6 10. Be3 Qc7 11. Rc1 Nf8 12. d5 Ng6 13. Ne1 Bf5 14. Qa4 Rec8 15. Nd1 Qd7 16. c5 dxc5 17. Bxc5 cxd5 18. Qxd7 Bxd7 19. Bxe7 Rxc1 20. Bxf6 Rxd1 21. Bh4 Rc8 22. Nd3 Rxf1+ 23. Kxf1 e4 24. Ne1 Nxh4 25. gxh4 Rc1 26. e3 Bb5+ 27. Kg1 Rxe1+ 28. Bf1 Bxf1 29. f4 exf3 30. Kf2 Rb1 31. Kxf3 Rxb2 32. a4 Ra2 33. h5 Rxa4 34. Kf2 b5 35. Kxf1 b4 36. Ke2 b3 37. Kd2 b2 38. Kc2 Rb4 39. h4 b1Q+ 40. Kc3 Qb3+ 41. Kd2 Rxh4 42. e4 Rh2+ 43. Kc1 Qc2# 0-1